• 首页
  • 本馆介绍
  • 公告通知
  • 最新文献
  • 馆藏检索
  • 电子资源
  • 读者导购
  • 参考咨询
  • 我的图书馆
  • 登录
  • 详细信息显示
  • 放入我的书架
  • 预约/预借图书
  • 作者相关作品
  • 分类相关作品
  • 丛书相关作品
  • 出版社相关作品

书目信息

  • 表格格式
  • 工作单格式
  • 卡片格式
题名:
晶体管放大器的信号流图分析法
    
 
作者: 邵钟武 编
分册:  
出版信息: 北京   高等教育出版社  1982
页数: 181页
开本: 19cm
丛书名: 电子技术数学小丛书
单 册:
中图分类: TN722 , TN72
科图分类:
主题词: 晶体管放大器-信号流程图--分析方法 , 信号流程图-晶体管放大器--分析方法
电子资源:
ISBN:
000 00838nam2 2200289 45
001 0182006837
005 20040518081526.7
010    @dCNY0.75
091    @a15010.0420
100    @a19950623d1982 em y0chiy0121 ea
101 0  @achi
102    @aCN@b110000
105    @ay z 000yy
106    @ar
200 1  @a晶体管放大器的信号流图分析法@Ajing ti guan fang da qi de xin hao liu tu fen xi fa@f邵仲武编
210    @a北京@c高等教育出版社@d1982
215    @a181页@d19cm
225    @a电子技术数学小丛书
410    @120010@a电子技术数学小丛书
606 0  @a晶体管放大器-信号流程图@x分析方法
606 0  @a信号流程图-晶体管放大器@x分析方法
690    @aTN722@v3 
690    @aTN72
701  0 @a邵钟武@Ashao zhong wu@4编
801    @aCN@b上海图书馆@c20040518
801    @aCN@bNLC@c20040518
905    @f2@b120722-723@dTN72@e64
    
    晶体管放大器的信号流图分析法/邵仲武编.-北京:高等教育出版社,1982
    181页;19cm.-(电子技术数学小丛书)
    
    
    ISBN :CNY0.75
    
●
相关链接 在E读中查询图书 在五车中查询图书 在当当中查询图书 在豆瓣中查询图书


正题名:晶体管放大器的信号流图分析法     索取号:TN72/64         预约/预借

序号 登录号 条形码 馆藏地/架位号 状态 备注
1 0120722   001356552   第三借阅区/ [索取号:TN72/64] 在馆    
2 0120723   001356598   密集书库/ [索取号:TN72/64] 在馆    
3 0120724   202122880   第二样本阅览室/ [索取号:TN72/64] 在馆    
唐山师范学院图书馆 欢迎您!
大连网信软件有限公司© 版权所有